| 000 | 00884nam a2200253 a 4500 | ||
|---|---|---|---|
| 001 | C01494302c-2 | ||
| 003 | CO-ViMGA | ||
| 005 | 20230915232212.0 | ||
| 008 | 151013s2015 ck a gr 0001j spa d | ||
| 020 | _a9789582003883 | ||
| 040 |
_aCO-ViMGA _bspa _cCO-ViMGA |
||
| 043 | _as-ck--- | ||
| 082 | 0 | 4 |
_aCo863.6 _bC67p7 _219 |
| 100 | 1 |
_aCordero Villamizar, Luz Helena, _d1961- _92499 |
|
| 245 | 1 | 3 |
_aEl puente esta quebrado / _cLuz Helena Cordero ; ilustrado por Federico Neira. |
| 260 |
_aBogotá : _bCooperativa Editorial Magisterio, _c2011. |
||
| 300 |
_a136 páginas : _bilustraciones ; _c20 cm. |
||
| 490 | 1 | _aMontaña magica | |
| 650 | 1 | 4 |
_aCuentos juveniles colombianos. _930 |
| 650 | 1 | 4 |
_aDesplazados por la violencia _v Cuentos juveniles. _92501 |
| 650 | 1 | 4 |
_aViolencia _v Cuentos juveniles. _92500 |
| 700 | 1 |
_aNeira, Federico, _eilustrador. _92502 |
|
| 942 |
_2ddc _cBK |
||
| 999 |
_c33810 _d33810 |
||